[Event "Skakligaen 2023-24"]
[Site "Denmark"]
[Date "2023.12.10"]
[Round "4.4"]
[Board "4"]
[White "Bank, Pelle Rodkjaer"]
[Black "Light, Bjarne"]
[Result "0-1"]
[WhiteElo "2295"]
[BlackElo "2202"]
[PlyCount "98"]
[WhiteTeam "SK1968"]
[BlackTeam "Fredericia"]
[WhiteTeamCountry "DEN"]
[BlackTeamCountry "DEN"]
[EventDate "2023.10.28"]
[EventType "team-tourn"]
[EventRounds "9"]
[EventCountry "DEN"]
[SourceTitle "Turneringssystemet"]
[Table "4"]

1. e4 c5 2. a3 g6 3. h4 h5 4. Bc4 Bg7 5. Nc3 Nc6 
6. d3 Nf6 7. Nge2 d6 8. Bg5 Bd7 9. Qd2 a6 10. Ba2 b5 
11. O-O Rc8 12. Rae1 Qa5 13. Bb3 Nd4 14. Nxd4 cxd4 15. Ne2 Qxd2 
16. Bxd2 Ng4 17. Nf4 Bh6 18. f3 Ne5 19. g3 Nc6 20. Re2 e6 
21. a4 b4 22. Bc4 a5 23. Bb3 Ne5 24. Rg2 Bg7 25. Ne2 Ke7 
26. Bg5+ f6 27. Bd2 Nc6 28. Nf4 Ne5 29. Ne2 Nc6 30. Nf4 Ne5 
31. Kf2 g5 32. Ne2 g4 33. Nxd4 f5 34. Bg5+ Ke8 35. Nb5 Bxb5 
36. axb5 gxf3 37. Rgg1 fxe4 38. dxe4 Rf8 39. g4 hxg4 40. Ra1 Nc4 
41. Rxg4 Bd4+ 42. Kf1 Rg8 43. Bxc4 Rxc4 44. Rxa5 Rxg5 45. hxg5 Rxc2 
46. Ra1 Rh2 47. Ra8+ Ke7 48. Ke1 Be3 49. Kd1 Rd2+ 0-1

[Event "Skakligaen 2023-24"]
[Site "Denmark"]
[Date "2023.12.10"]
[Round "4.5"]
[Board "5"]
[White "Schwarz, Frank"]
[Black "Hansen, Lars"]
[Result "1-0"]
[WhiteElo "2204"]
[BlackElo "2237"]
[PlyCount "91"]
[WhiteTeam "Fredericia"]
[BlackTeam "SK1968"]
[WhiteTeamCountry "DEN"]
[BlackTeamCountry "DEN"]
[EventDate "2023.10.28"]
[EventType "team-tourn"]
[EventRounds "9"]
[EventCountry "DEN"]
[SourceTitle "Turneringssystemet"]
[Table "5"]

1. e4 c5 2. Nc3 d6 3. d4 cxd4 4. Qxd4 Nc6 5. Qd2 Nf6 
6. b3 e6 7. Bb2 d5 8. O-O-O Bb4 9. exd5 Nxd5 10. Bb5 Qa5 
11. Nge2 O-O 12. Bxc6 bxc6 13. Qd3 Ba6 14. Qg3 f6 15. Kb1 e5 
16. h4 Rad8 17. Qf3 Rf7 18. g4 Rfd7 19. Ne4 Be7 20. c4 Nb4 
21. Nc1 Bc8 22. Rxd7 Bxd7 23. Rg1 Rf8 24. a3 Na6 25. b4 Qc7 
26. Qe2 Qc8 27. g5 Kh8 28. h5 f5 29. Nd2 Bd6 30. h6 Re8 
31. c5 Bb8 32. Nc4 Be6 33. Nxe5 f4 34. Ka1 Nc7 35. g6 Bf5 
36. hxg7+ Kg8 37. gxh7+ Bxh7 38. Ng4 Qe6 39. Qxe6+ Rxe6 40. Nf6+ Rxf6 
41. Bxf6 Nd5 42. Bd4 Ne7 43. Nb3 Nf5 44. Bc3 Nh6 45. Na5 Be4 
46. Re1 1-0

[Event "Skakligaen 2023-24"]
[Site "Denmark"]
[Date "2023.12.10"]
[Round "4.6"]
[Board "6"]
[White "Rewitz, Poul"]
[Black "Moeller, Dustin"]
[Result "1/2-1/2"]
[WhiteElo "2222"]
[BlackElo "2190"]
[PlyCount "100"]
[WhiteTeam "SK1968"]
[BlackTeam "Fredericia"]
[WhiteTeamCountry "DEN"]
[BlackTeamCountry "DEN"]
[EventDate "2023.10.28"]
[EventType "team-tourn"]
[EventRounds "9"]
[EventCountry "DEN"]
[SourceTitle "Turneringssystemet"]
[Table "6"]

1. b3 e5 2. Bb2 Nc6 3. e3 Nf6 4. Bb5 e4 5. d3 a6 
6. Bxc6 dxc6 7. dxe4 Qxd1+ 8. Kxd1 Nxe4 9. Ke2 Be6 10. Nf3 O-O-O 
11. Nbd2 Nxd2 12. Nxd2 h5 13. f3 h4 14. g4 hxg3 15. hxg3 Bb4 
16. Ne4 f6 17. Bc3 Be7 18. g4 c5 19. Ng3 Rxh1 20. Rxh1 c4 
21. Rh7 Bf8 22. Nh5 b5 23. Rxg7 Bxg7 24. Nxg7 Rd6 25. Ne8 Rc6 
26. b4 f5 27. g5 Bf7 28. Ng7 Bg6 29. f4 Kd7 30. e4 fxe4 
31. f5 Bf7 32. Ke3 Ke7 33. Kxe4 Kf8 34. Be5 c3 35. a3 Rc4+ 
36. Ke3 Bd5 37. Bd4 c5 38. bxc5 a5 39. g6 b4 40. Ne6+ Kg8 
41. axb4 axb4 42. Kd3 b3 43. cxb3 c2 44. bxc4 c1=Q 45. cxd5 Qb1+ 
46. Kc4 Qa2+ 47. Kd3 Qxd5 48. Ng7 Qg2 49. Kc4 Qe4 50. Kc3 Qf3+ 
1/2-1/2

[Event "Skakligaen 2023-24"]
[Site "Denmark"]
[Date "2023.12.10"]
[Round "4.7"]
[Board "7"]
[White "Easwaralingam, Adesh"]
[Black "Moller, Morten Kock"]
[Result "0-1"]
[WhiteElo "2172"]
[BlackElo "2222"]
[PlyCount "84"]
[WhiteTeam "Fredericia"]
[BlackTeam "SK1968"]
[WhiteTeamCountry "DEN"]
[BlackTeamCountry "DEN"]
[EventDate "2023.10.28"]
[EventType "team-tourn"]
[EventRounds "9"]
[EventCountry "DEN"]
[SourceTitle "Turneringssystemet"]
[Table "7"]

1. e4 e6 2. d4 d5 3. Nd2 Nf6 4. e5 Nfd7 5. Bd3 c5 
6. c3 Nc6 7. Ne2 cxd4 8. cxd4 f6 9. exf6 Nxf6 10. Nf3 Bd6 
11. O-O Qc7 12. Bg5 O-O 13. Bh4 Nh5 14. Qc2 h6 15. Bh7+ Kh8 
16. Bg6 Rxf3 17. gxf3 Bxh2+ 18. Kg2 Nf4+ 19. Nxf4 Qxf4 20. Bg3 Bxg3 
21. fxg3 Qxd4 22. Be8 Nb4 23. Qe2 Qb6 24. Rfc1 Qd6 25. Qb5 Na6 
26. Bg6 Bd7 27. Qxb7 Rf8 28. Qxa7 e5 29. Bd3 Qe6 30. Rh1 Nb4 
31. Be2 Nc2 32. Rac1 Nd4 33. Rc7 Nxe2 34. Rxd7 Qg6 35. g4 e4 
36. Rh4 exf3+ 37. Kf2 Nf4 38. Qa3 Qc2+ 39. Ke3 Ng2+ 40. Kd4 Qc4+ 
41. Ke5 Qe4+ 42. Kd6 Nxh4 0-1

[Event "Skakligaen 2023-24"]
[Site "Denmark"]
[Date "2023.12.10"]
[Round "4.8"]
[Board "8"]
[White "Alkaersig, Ole"]
[Black "Guindy, Esmat Susanne"]
[Result "1/2-1/2"]
[WhiteElo "2182"]
[BlackElo "2028"]
[PlyCount "88"]
[WhiteTeam "SK1968"]
[BlackTeam "Fredericia"]
[WhiteTeamCountry "DEN"]
[BlackTeamCountry "DEN"]
[EventDate "2023.10.28"]
[EventType "team-tourn"]
[EventRounds "9"]
[EventCountry "DEN"]
[SourceTitle "Turneringssystemet"]
[Table "8"]

1. e4 e6 2. d4 d5 3. Nd2 Nf6 4. e5 Nfd7 5. Bd3 c5 
6. c3 Nc6 7. Ne2 cxd4 8. cxd4 f6 9. exf6 Nxf6 10. Nf3 Bd6 
11. O-O O-O 12. Bf4 Bxf4 13. Nxf4 Ne4 14. Ne2 Qf6 15. Ng3 Ng5 
16. Nxg5 Qxg5 17. Bc2 Bd7 18. Qd3 Qh4 19. Rad1 Rf6 20. Qe3 Raf8 
21. Rd2 Rh6 22. h3 Rhf6 23. Ba4 Rf4 24. Bxc6 bxc6 25. Rc1 Qd8 
26. Rc3 a5 27. f3 Qh4 28. Qf2 e5 29. dxe5 Qg5 30. Re3 d4 
31. Re4 c5 32. e6 Bc6 33. Rxf4 Qxf4 34. Nf1 Re8 35. Re2 Qd6 
36. Qg3 Qxg3 37. Nxg3 Bd5 38. Re5 Bxa2 39. Rxc5 d3 40. Ne4 Rxe6 
41. Kf2 Rb6 42. Rxa5 Rxb2+ 43. Ke3 Bb1 44. Nd2 Bc2 1/2-1/2

[Event "Skakligaen 2023-24"]
[Site "Denmark"]
[Date "2023.12.10"]
[Round "4.1"]
[Board "1"]
[White "Haubro, Martin"]
[Black "Rasmussen, Allan Stig"]
[Result "1-0"]
[WhiteElo "2412"]
[BlackElo "2506"]
[PlyCount "95"]
[WhiteTeam "BMS"]
[BlackTeam "Frem"]
[WhiteTeamCountry "DEN"]
[BlackTeamCountry "DEN"]
[EventDate "2023.10.28"]
[EventType "team-tourn"]
[EventRounds "9"]
[EventCountry "DEN"]
[SourceTitle "Turneringssystemet"]
[Table "1"]

1. e4 e5 2. Nf3 Nc6 3. Bb5 a6 4. Ba4 Nf6 5. O-O Be7 
6. Re1 b5 7. Bb3 d6 8. c3 O-O 9. h3 Bb7 10. d4 Re8 
11. Ng5 Rf8 12. Nf3 Re8 13. Nbd2 Bf8 14. a4 h6 15. d5 Ne7 
16. Bc2 c6 17. dxc6 Bxc6 18. Nf1 Qb8 19. Ng3 Ng6 20. Bd2 d5 
21. exd5 Bxd5 22. axb5 axb5 23. Rxa8 Bxa8 24. b4 e4 25. Nd4 Nf4 
26. Be3 N4d5 27. Qa1 Nxe3 28. Rxe3 Nd5 29. Rxe4 Nf4 30. Rxe8 Qxe8 
31. Qc1 Nxg2 32. Bd3 Nh4 33. Qe3 Qc8 34. Kh2 Bd6 35. Bxb5 Kh7 
36. Bd3+ g6 37. Be4 f5 38. Ndxf5 gxf5 39. Qa7+ Kg6 40. Qxa8 Qxc3 
41. Qe8+ Kh7 42. Qd7+ Qg7 43. Qxd6 fxe4 44. Qf4 Nf3+ 45. Kg2 Nd4 
46. Qxe4+ Kh8 47. h4 Qf6 48. Nh5 1-0

[Event "Skakligaen 2023-24"]
[Site "Denmark"]
[Date "2023.12.10"]
[Round "4.2"]
[Board "2"]
[White "Hansen, Mads"]
[Black "Kistrup, Nicolai"]
[Result "1/2-1/2"]
[WhiteElo "2399"]
[BlackElo "2337"]
[PlyCount "124"]
[WhiteTeam "Frem"]
[BlackTeam "BMS"]
[WhiteTeamCountry "DEN"]
[BlackTeamCountry "DEN"]
[EventDate "2023.10.28"]
[EventType "team-tourn"]
[EventRounds "9"]
[EventCountry "DEN"]
[SourceTitle "Turneringssystemet"]
[Table "2"]

1. c4 e5 2. g3 Nf6 3. Bg2 c6 4. d4 e4 5. Qb3 d5 
6. Nc3 dxc4 7. Qxc4 b5 8. Qb3 Qxd4 9. Bg5 Bf5 10. e3 Qe5 
11. Bxf6 gxf6 12. Qc2 Na6 13. a3 Nc5 14. Nge2 Nd3+ 15. Kf1 Bc5 
16. Nf4 Rd8 17. g4 Bg6 18. Nxg6 hxg6 19. Nxe4 Be7 20. Rd1 Qxb2 
21. Qxc6+ Kf8 22. Rd2 Qxa3 23. Qxb5 Kg7 24. Bf3 Qb4 25. Qxb4 Bxb4 
26. Rc2 Ne1 27. Rc4 Nxf3 28. Rxb4 Rd1+ 29. Ke2 Rxh1 30. Kxf3 R1xh2 
31. Ra4 Ra8 32. Ra6 Rh3+ 33. Ke2 Rhh8 34. Nxf6 Rhb8 35. Nd5 Rb7 
36. g5 Re8 37. Ra5 Rb2+ 38. Kf3 Re5 39. e4 Rxg5 40. Rxa7 Rh5 
41. Kg3 Rb3+ 42. Ne3 Rb4 43. f3 Rb3 44. Ng4 Rc5 45. Kf4 Rcb5 
46. Ra6 Rb6 47. Ra7 Rb7 48. Ra6 Rc3 49. Ra8 Rbb3 50. Nh2 Rc2 
51. Ng4 Rcc3 52. Nh2 Rb5 53. Ra7 g5+ 54. Kg3 Rb4 55. Re7 Rb1 
56. Re5 Kg6 57. Rf5 Rc2 58. Ng4 Rg1+ 59. Kh3 Rh1+ 60. Kg3 Rg1+ 
61. Kh3 Rh1+ 62. Kg3 Rg1+ 1/2-1/2

[Event "Skakligaen 2023-24"]
[Site "Denmark"]
[Date "2023.12.10"]
[Round "4.3"]
[Board "3"]
[White "Jacobsen, Mikkel Manosri"]
[Black "Dyrgaard, Kristoffer"]
[Result "1-0"]
[WhiteElo "2331"]
[BlackElo "2259"]
[PlyCount "139"]
[WhiteTeam "BMS"]
[BlackTeam "Frem"]
[WhiteTeamCountry "DEN"]
[BlackTeamCountry "DEN"]
[EventDate "2023.10.28"]
[EventType "team-tourn"]
[EventRounds "9"]
[EventCountry "DEN"]
[SourceTitle "Turneringssystemet"]
[Table "3"]

1. c4 e5 2. g3 Nc6 3. Bg2 Nf6 4. Nc3 Bc5 5. a3 a5 
6. e3 O-O 7. Nge2 Re8 8. d3 d6 9. b3 Bf5 10. h3 Qc8 
11. Ra2 Ba7 12. g4 Be6 13. Ng3 Ne7 14. Kf1 c6 15. Re2 d5 
16. Bb2 Qc7 17. Qc2 Rac8 18. Nb1 Nd7 19. Nd2 Qd6 20. Rg1 f6 
21. d4 exd4 22. exd4 Ng6 23. c5 Qc7 24. Re3 Bb8 25. Nf3 Ndf8 
26. Bc3 Qd7 27. Bxa5 Bf4 28. Re2 Ra8 29. Bb4 Bf7 30. Nf5 Rxe2 
31. Kxe2 Ne6 32. Re1 Ng5 33. Kd1 Ne4 34. Ng1 Bh2 35. f3 Ng5 
36. h4 Ne6 37. h5 Ngf4 38. Nh3 Nxh3 39. Bxh3 Bf4 40. Qf2 g6 
41. hxg6 hxg6 42. Nd6 Bxd6 43. cxd6 b6 44. Qh4 c5 45. Rh1 Kg7 
46. g5 fxg5 47. Qg3 Qd8 48. Bxe6 Qf6 49. Bc3 Bxe6 50. d7 cxd4 
51. Bb2 Rh8 52. Rxh8 Kxh8 53. d8=Q+ Qxd8 54. Qe5+ Kh7 55. Qxe6 Qf8 
56. Qd7+ Kg8 57. Qxd5+ Kh7 58. Bxd4 Kh6 59. Be3 Qf6 60. Bxg5+ Qxg5 
61. Qxg5+ Kxg5 62. a4 Kf4 63. Ke2 Ke5 64. Ke3 Kd5 65. Kd3 Kc5 
66. Kc3 g5 67. b4+ Kd5 68. Kd3 Ke5 69. a5 bxa5 70. bxa5 1-0

[Event "Skakligaen 2023-24"]
[Site "Denmark"]
[Date "2023.12.10"]
[Round "4.4"]
[Board "4"]
[White "Ostergreen Johansen, Torben"]
[Black "Hansen, Jacob Ost"]
[Result "1/2-1/2"]
[WhiteElo "2155"]
[BlackElo "2340"]
[PlyCount "24"]
[WhiteTeam "Frem"]
[BlackTeam "BMS"]
[WhiteTeamCountry "DEN"]
[BlackTeamCountry "DEN"]
[EventDate "2023.10.28"]
[EventType "team-tourn"]
[EventRounds "9"]
[EventCountry "DEN"]
[SourceTitle "Turneringssystemet"]
[Table "4"]

1. d4 Nf6 2. c4 c5 3. d5 e5 4. Nc3 d6 5. e4 Be7 
6. h3 Nbd7 7. Nf3 a6 8. a4 h5 9. Be2 h4 10. O-O Nh7 
11. Be3 g6 12. Qc2 Ng5 1/2-1/2

[Event "Skakligaen 2023-24"]
[Site "Denmark"]
[Date "2023.12.10"]
[Round "4.5"]
[Board "5"]
[White "Rostgaard, Tobias Valentin"]
[Black "Le Besq, Alexander"]
[Result "1/2-1/2"]
[WhiteElo "2321"]
[BlackElo "2197"]
[PlyCount "185"]
[WhiteTeam "BMS"]
[BlackTeam "Frem"]
[WhiteTeamCountry "DEN"]
[BlackTeamCountry "DEN"]
[EventDate "2023.10.28"]
[EventType "team-tourn"]
[EventRounds "9"]
[EventCountry "DEN"]
[SourceTitle "Turneringssystemet"]
[Table "5"]

1. d4 Nf6 2. Nf3 g6 3. g3 Bg7 4. Bg2 O-O 5. O-O d5 
6. Bf4 Nbd7 7. Ne5 c6 8. c4 dxc4 9. Nxc4 Nb6 10. Ne5 Nfd5 
11. Nc3 Nxf4 12. gxf4 Nd5 13. Nxd5 cxd5 14. Qb3 e6 15. Rac1 Qd6 
16. Rc5 Rb8 17. Rfc1 f6 18. Nd3 Bd7 19. e3 Rfc8 20. Rxc8+ Rxc8 
21. Qxb7 Rxc1+ 22. Nxc1 Qc6 23. Qxc6 Bxc6 24. Nd3 Kf7 25. b3 Ke7 
26. a4 Kd6 27. Kf1 Be8 28. Ke2 Bf8 29. Bh3 Bf7 30. Nc5 Be7 
31. b4 e5 32. b5 exd4 33. exd4 f5 34. Kd3 Bh4 35. Ke3 Be7 
36. Bf1 Kc7 37. a5 Bd8 38. Kd3 Kc8 39. a6 Kc7 40. Kc3 Be7 
41. Na4 Bf8 42. Kd2 Bd6 43. Ke3 Bf8 44. b6+ axb6 45. Nc3 Bb4 
46. Nb5+ Kb8 47. Bg2 Bf8 48. Kf3 Be7 49. Kg3 Bf8 50. h4 Be7 
51. Bh3 Bf8 52. h5 Be7 53. hxg6 hxg6 54. Bf1 Bf8 55. Kf3 Be7 
56. Ke3 Bd8 57. Nc3 Ka7 58. Bb5 Bf6 59. Ne2 Be6 60. Nc3 Bd8 
61. Be2 Bc8 62. Nb5+ Kb8 63. Nd6 Bd7 64. Nf7 Be7 65. Ne5 Be8 
66. Bf3 Ka7 67. Bxd5 Kxa6 68. Be6 b5 69. Kd3 Kb6 70. Kc3 Bh4 
71. f3 Be7 72. Kd3 Kc7 73. Bg8 Bf6 74. Kc3 Bh4 75. Bh7 g5 
76. fxg5 Bxg5 77. Bxf5 Bf4 78. Kd3 Kd6 79. Ke4 Bh2 80. f4 Bg1 
81. Bh7 Bd7 82. f5 Be8 83. Bg8 Ke7 84. Bd5 b4 85. Nd3 Kf6 
86. Be6 b3 87. Kd5 Bb5 88. Nb2 Be2 89. Ke4 Bg4 90. Nd3 Bxd4 
91. Bxb3 Bxf5+ 92. Kxd4 Bxd3 93. Kxd3 1/2-1/2

[Event "Skakligaen 2023-24"]
[Site "Denmark"]
[Date "2023.12.10"]
[Round "4.6"]
[Board "6"]
[White "Nilssen, Ellen Fredericia"]
[Black "Haubro, Sigfred"]
[Result "1-0"]
[WhiteElo "2174"]
[BlackElo "2191"]
[PlyCount "43"]
[WhiteTeam "Frem"]
[BlackTeam "BMS"]
[WhiteTeamCountry "DEN"]
[BlackTeamCountry "DEN"]
[EventDate "2023.10.28"]
[EventType "team-tourn"]
[EventRounds "9"]
[EventCountry "DEN"]
[SourceTitle "Turneringssystemet"]
[Table "6"]

1. e4 d5 2. exd5 Qxd5 3. Nc3 Qa5 4. d4 c6 5. Bc4 Nf6 
6. Nf3 Bf5 7. Bd2 Qd8 8. Qe2 e6 9. O-O-O Be7 10. Rhe1 b5 
11. Bb3 a5 12. Ne5 O-O 13. g4 Nxg4 14. Nxg4 a4 15. Rg1 Kh8 
16. Nh6 axb3 17. Nxf5 bxa2 18. Rxg7 a1=Q+ 19. Nb1 Bg5 20. Qh5 h6 
21. Bxg5 exf5 22. Qxh6# 1-0

[Event "Skakligaen 2023-24"]
[Site "Denmark"]
[Date "2023.12.10"]
[Round "4.7"]
[Board "7"]
[White "Vesterli, Michael E"]
[Black "Wilbrandt, Simon Pil"]
[Result "1/2-1/2"]
[WhiteElo "2204"]
[BlackElo "2120"]
[PlyCount "72"]
[WhiteTeam "BMS"]
[BlackTeam "Frem"]
[WhiteTeamCountry "DEN"]
[BlackTeamCountry "DEN"]
[EventDate "2023.10.28"]
[EventType "team-tourn"]
[EventRounds "9"]
[EventCountry "DEN"]
[SourceTitle "Turneringssystemet"]
[Table "7"]

1. d4 Nf6 2. c4 g6 3. Nc3 d5 4. cxd5 Nxd5 5. Bd2 Bg7 
6. e4 Nxc3 7. Bxc3 O-O 8. Nf3 c5 9. Be2 cxd4 10. Nxd4 Nc6 
11. Nxc6 Bxc3+ 12. bxc3 bxc6 13. Qa4 Be6 14. O-O Qc7 15. f4 Qb6+ 
16. Kh1 Qc5 17. Qb4 Qxb4 18. cxb4 a5 19. b5 cxb5 20. Bxb5 Rfd8 
21. a4 Rd4 22. f5 Bb3 23. Rf3 Rad8 24. Kg1 Bc2 25. fxg6 hxg6 
26. e5 Re4 27. Rc3 Rd1+ 28. Rxd1 Bxd1 29. Rc5 Bxa4 30. Bd3 Re3 
31. Rxa5 Bc6 32. Rc5 Bb7 33. Rb5 Bxg2 34. Bxg6 Re2 35. Bh5 Rd2 
36. e6 fxe6 1/2-1/2

[Event "Skakligaen 2023-24"]
[Site "Denmark"]
[Date "2023.12.10"]
[Round "4.8"]
[Board "8"]
[White "Ostergreen Johansen, Benjamin"]
[Black "Brorsen, Jacob Abildlund"]
[Result "0-1"]
[WhiteElo "1969"]
[BlackElo "2142"]
[PlyCount "110"]
[WhiteTeam "Frem"]
[BlackTeam "BMS"]
[WhiteTeamCountry "DEN"]
[BlackTeamCountry "DEN"]
[EventDate "2023.10.28"]
[EventType "team-tourn"]
[EventRounds "9"]
[EventCountry "DEN"]
[SourceTitle "Turneringssystemet"]
[Table "8"]

1. e4 e5 2. Nf3 Nf6 3. Nc3 Nc6 4. Bb5 Bc5 5. O-O d6 
6. d4 exd4 7. Nxd4 Bd7 8. Nf5 Bxf5 9. exf5 h6 10. Qf3 Qd7 
11. Ne4 Nxe4 12. Qxe4+ Kf8 13. Re1 Re8 14. Qxe8+ Qxe8 15. Rxe8+ Kxe8 
16. Be3 Bxe3 17. Bxc6+ bxc6 18. fxe3 Ke7 19. e4 Kf6 20. Kf2 Ke5 
21. Re1 Rb8 22. b3 Rb4 23. Kf3 Rd4 24. Re3 c5 25. h3 Rd1 
26. Ke2 Ra1 27. a4 Rg1 28. Rg3 Kf6 29. Kd2 h5 30. c3 Ra1 
31. Kd3 Re1 32. Rf3 Ke5 33. Rg3 Kf6 34. Rf3 c6 35. Rg3 Rf1 
36. Ke2 Rb1 37. c4 Rb2+ 38. Kf1 a5 39. Rd3 Ke5 40. Rg3 Kxe4 
41. Rxg7 f6 42. Rg3 Kxf5 43. Rd3 Ke5 44. Re3+ Kd4 45. Rf3 d5 
46. Rxf6 Rxb3 47. Rf4+ Kd3 48. cxd5 cxd5 49. Rf3+ Kc4 50. Rxb3 Kxb3 
51. g4 hxg4 52. hxg4 c4 53. g5 c3 54. Ke2 c2 55. Kd2 Kb2 
0-1

[Event "Skakligaen 2023-24"]
[Site "Denmark"]
[Date "2023.12.10"]
[Round "4.1"]
[Board "1"]
[White "Thybo, Jesper Sondergaard"]
[Black "Hillarp Persson, Tiger"]
[Result "1-0"]
[WhiteElo "2526"]
[BlackElo "2493"]
[PlyCount "149"]
[WhiteTeam "Hillerod"]
[BlackTeam "Bronshoj"]
[WhiteTeamCountry "DEN"]
[BlackTeamCountry "DEN"]
[EventDate "2023.10.28"]
[EventType "team-tourn"]
[EventRounds "9"]
[EventCountry "DEN"]
[SourceTitle "Turneringssystemet"]
[Table "1"]

1. d4 Nf6 2. c4 e6 3. Nf3 d5 4. g3 Bb4+ 5. Bd2 Be7 
6. Bg2 c6 7. Qc2 O-O 8. O-O a5 9. Rd1 Nbd7 10. Bf4 h6 
11. Nc3 dxc4 12. Nd2 Nd5 13. Nxc4 Nxf4 14. gxf4 Qc7 15. e3 Rd8 
16. Rac1 Nf8 17. Ne5 f6 18. Ng6 Bd6 19. Nb5 Qf7 20. Nxd6 Rxd6 
21. Qc5 Rd7 22. Nxf8 Qxf8 23. h4 Qd8 24. Qh5 Rd6 25. Kh2 Bd7 
26. Rg1 Be8 27. Qg4 f5 28. Qg3 Qf6 29. Rc5 b6 30. Rc2 Rc8 
31. b3 Kh7 32. Bf3 c5 33. Rgc1 Rb8 34. dxc5 bxc5 35. Rxc5 a4 
36. Rc8 Rd8 37. Rxb8 Rxb8 38. bxa4 Rb2 39. Rc8 Qe7 40. a5 Rxa2 
41. Ra8 Bf7 42. a6 Qc5 43. Bb7 Bh5 44. Rc8 Qe7 45. Rc6 Bf7 
46. Kh3 Qd8 47. Rc1 Bh5 48. f3 Qd2 49. Rg1 Qc3 50. Rg2 Ra1 
51. Kh2 Be8 52. Bc8 Qf6 53. Bxe6 Rxa6 54. Bxf5+ Kh8 55. e4 Ra7 
56. Bh3 Ra5 57. e5 Qe7 58. Rc2 Bd7 59. Bxd7 Qxd7 60. Qg6 Ra8 
61. Rg2 Re8 62. h5 Re7 63. Ra2 Re8 64. Kg3 Rf8 65. Rg2 Qc7 
66. Qe4 Qe7 67. Kg4 Rc8 68. Qf5 Qe8 69. Rd2 Rc7 70. Qg6 Qc8+ 
71. e6 Rc1 72. Kh3 Rh1+ 73. Kg3 Rg1+ 74. Rg2 Re1 75. Kf2 1-0

[Event "Skakligaen 2023-24"]
[Site "Denmark"]
[Date "2023.12.10"]
[Round "4.2"]
[Board "2"]
[White "Vasli, Aref"]
[Black "Hansen, Sune Berg"]
[Result "0-1"]
[WhiteElo "2402"]
[BlackElo "2507"]
[PlyCount "120"]
[WhiteTeam "Bronshoj"]
[BlackTeam "Hillerod"]
[WhiteTeamCountry "DEN"]
[BlackTeamCountry "DEN"]
[EventDate "2023.10.28"]
[EventType "team-tourn"]
[EventRounds "9"]
[EventCountry "DEN"]
[SourceTitle "Turneringssystemet"]
[Table "2"]

1. e4 c5 2. Nf3 Nc6 3. Nc3 Nf6 4. d4 cxd4 5. Nxd4 e5 
6. Ndb5 d6 7. Nd5 Nxd5 8. exd5 Nb8 9. c4 Be7 10. Be3 O-O 
11. Qd2 a6 12. Nc3 Nd7 13. Be2 f5 14. f3 b6 15. O-O a5 
16. Kh1 Nc5 17. Qc2 Bg5 18. f4 exf4 19. Bxf4 Bxf4 20. Rxf4 Bd7 
21. Bd3 Qg5 22. Raf1 g6 23. a3 a4 24. Qd1 Rfe8 25. Bc2 Re3 
26. R4f2 Qh4 27. Rf4 Qe7 28. R4f3 Rxf3 29. Qxf3 Re8 30. Qd1 Qh4 
31. g3 Qxc4 32. Rf4 Qa6 33. Kg2 Re5 34. Qd4 Qa8 35. Rf2 Qe8 
36. h4 b5 37. Qf4 Qe7 38. Qb4 Re3 39. Qf4 Re1 40. Qd2 Qe3 
41. Qxe3 Rxe3 42. Rf4 Re1 43. Rd4 Kf7 44. Kf2 Rh1 45. Kg2 Rc1 
46. Rd2 Kf6 47. Ne2 Ra1 48. Kf3 h6 49. Nc3 Re1 50. Kf2 Re8 
51. Rd4 Ke5 52. Rb4 g5 53. hxg5 hxg5 54. Nxb5 Na6 55. Rxa4 Bxb5 
56. Ra5 Nc7 57. Ra7 Nxd5 58. a4 Bc6 59. Rf7 Nf6 60. Rc7 Be4 
0-1

[Event "Skakligaen 2023-24"]
[Site "Denmark"]
[Date "2023.12.10"]
[Round "4.3"]
[Board "3"]
[White "Schandorff, Lars"]
[Black "Aabling Thomsen, Jakob"]
[Result "1-0"]
[WhiteElo "2463"]
[BlackElo "2347"]
[PlyCount "69"]
[WhiteTeam "Hillerod"]
[BlackTeam "Bronshoj"]
[WhiteTeamCountry "DEN"]
[BlackTeamCountry "DEN"]
[EventDate "2023.10.28"]
[EventType "team-tourn"]
[EventRounds "9"]
[EventCountry "DEN"]
[SourceTitle "Turneringssystemet"]
[Table "3"]

1. d4 f5 2. Bf4 Nf6 3. e3 g6 4. h4 h6 5. Nc3 e6 
6. Qf3 Rg8 7. e4 Nc6 8. O-O-O fxe4 9. Nxe4 Nxe4 10. Qxe4 d5 
11. Qe3 Bd7 12. Bxh6 Bxh6 13. Qxh6 Qf6 14. Nf3 O-O-O 15. Qg5 Qg7 
16. c3 Rdf8 17. Bd3 Rf6 18. Rd2 a6 19. Re1 Qf7 20. Qe3 Rf8 
21. Ng5 Qg8 22. g3 Na5 23. Rde2 e5 24. Qxe5 Rxf2 25. Rxf2 Rxf2 
26. Rf1 Nc6 27. Qe3 Rf8 28. Rxf8+ Qxf8 29. Kd2 Ne7 30. Qf3 Qh8 
31. Qf7 Nf5 32. Bxf5 gxf5 33. Nh7 f4 34. Qxf4 Kd8 35. Qf6+ 1-0

[Event "Skakligaen 2023-24"]
[Site "Denmark"]
[Date "2023.12.10"]
[Round "4.4"]
[Board "4"]
[White "Bromann, Thorbjorn"]
[Black "Percivaldi, Martin"]
[Result "1/2-1/2"]
[WhiteElo "2367"]
[BlackElo "2382"]
[PlyCount "43"]
[WhiteTeam "Bronshoj"]
[BlackTeam "Hillerod"]
[WhiteTeamCountry "DEN"]
[BlackTeamCountry "DEN"]
[EventDate "2023.10.28"]
[EventType "team-tourn"]
[EventRounds "9"]
[EventCountry "DEN"]
[SourceTitle "Turneringssystemet"]
[Table "4"]

1. b3 Nf6 2. Bb2 e6 3. g3 Be7 4. Bg2 O-O 5. e4 d5 
6. e5 Nfd7 7. d4 c5 8. dxc5 Nc6 9. Nf3 Qc7 10. Qe2 Nxc5 
11. O-O b5 12. a3 a5 13. Nc3 Rb8 14. Rfc1 Ba6 15. Qe3 b4 
16. axb4 axb4 17. Ne2 Ra8 18. Ned4 Nxd4 19. Bxd4 Ne4 20. c4 bxc3 
21. Ne1 Bb7 22. Bxe4 1/2-1/2

[Event "Skakligaen 2023-24"]
[Site "Denmark"]
[Date "2023.12.10"]
[Round "4.5"]
[Board "5"]
[White "Storme, Isak"]
[Black "Hoi, Carsten"]
[Result "1-0"]
[WhiteElo "2439"]
[BlackElo "2313"]
[PlyCount "101"]
[WhiteTeam "Hillerod"]
[BlackTeam "Bronshoj"]
[WhiteTeamCountry "DEN"]
[BlackTeamCountry "DEN"]
[EventDate "2023.10.28"]
[EventType "team-tourn"]
[EventRounds "9"]
[EventCountry "DEN"]
[SourceTitle "Turneringssystemet"]
[Table "5"]

1. e4 e5 2. Nf3 Nc6 3. Bb5 a6 4. Ba4 d6 5. c3 Bd7 
6. d4 Nf6 7. O-O Qe7 8. Nbd2 g6 9. dxe5 dxe5 10. b4 Bg7 
11. Bc2 O-O 12. a4 Rfd8 13. Qe2 Nh5 14. g3 Bg4 15. Re1 Nf4 
16. gxf4 exf4 17. Ra3 g5 18. Qf1 Rd6 19. e5 Rh6 20. Qg2 Qd7 
21. b5 axb5 22. axb5 Rxa3 23. bxc6 Rxc6 24. Bxa3 Rxc3 25. e6 Bxe6 
26. Bxh7+ Kxh7 27. Bb2 g4 28. Ng5+ Kh6 29. Nde4 Rd3 30. Bxg7+ Kxg7 
31. Nc5 Rd1 32. Ngxe6+ Kh6 33. Qe4 Rxe1+ 34. Qxe1 Qd6 35. Nxb7 Qxe6 
36. Qxe6+ fxe6 37. Nd8 e5 38. Nf7+ Kg6 39. Nxe5+ Kf5 40. Nc6 Ke4 
41. Kg2 Kd5 42. Na5 Ke4 43. f3+ Kf5 44. Nc6 gxf3+ 45. Kxf3 Kg5 
46. Ne5 c5 47. Ke4 Kh4 48. Kxf4 c4 49. Nf3+ Kh3 50. Ke3 Kg4 
51. Ng1 1-0